<?xml version="1.0" encoding="UTF-8"?><?xml-stylesheet type="text/xsl" href="static/style.xsl"?><OAI-PMH xmlns="http://www.openarchives.org/OAI/2.0/" xmlns:xsi="http://www.w3.org/2001/XMLSchema-instance" xsi:schemaLocation="http://www.openarchives.org/OAI/2.0/ http://www.openarchives.org/OAI/2.0/OAI-PMH.xsd"><responseDate>2026-06-05T19:22:08Z</responseDate><request verb="GetRecord" identifier="oai:riubu.ubu.es:10259/4221" metadataPrefix="marc">https://riubu.ubu.es/oai/request</request><GetRecord><record><header><identifier>oai:riubu.ubu.es:10259/4221</identifier><datestamp>2021-11-10T09:38:16Z</datestamp><setSpec>com_10259_5377</setSpec><setSpec>com_10259_5086</setSpec><setSpec>com_10259_2604</setSpec><setSpec>com_10259_4219</setSpec><setSpec>col_10259_5378</setSpec><setSpec>col_10259_4220</setSpec></header><metadata><record xmlns="http://www.loc.gov/MARC21/slim" xmlns:doc="http://www.lyncode.com/xoai" xmlns:xsi="http://www.w3.org/2001/XMLSchema-instance" xmlns:dcterms="http://purl.org/dc/terms/" xsi:schemaLocation="http://www.loc.gov/MARC21/slim http://www.loc.gov/standards/marcxml/schema/MARC21slim.xsd">
<leader>00925njm 22002777a 4500</leader>
<datafield tag="042" ind1=" " ind2=" ">
<subfield code="a">dc</subfield>
</datafield>
<datafield tag="720" ind1=" " ind2=" ">
<subfield code="a">Arnaiz González, Álvar</subfield>
<subfield code="e">author</subfield>
</datafield>
<datafield tag="720" ind1=" " ind2=" ">
<subfield code="a">Diez Pastor, José Francisco</subfield>
<subfield code="e">author</subfield>
</datafield>
<datafield tag="720" ind1=" " ind2=" ">
<subfield code="a">Rodríguez Diez, Juan José</subfield>
<subfield code="e">author</subfield>
</datafield>
<datafield tag="720" ind1=" " ind2=" ">
<subfield code="a">García Osorio, César</subfield>
<subfield code="e">author</subfield>
</datafield>
<datafield tag="260" ind1=" " ind2=" ">
<subfield code="c">2016-09</subfield>
</datafield>
<datafield tag="520" ind1=" " ind2=" ">
<subfield code="a">Over recent decades, database sizes have grown considerably. Larger sizes present new challenges, because machine learning algorithms are not prepared to process such large volumes of information. Instance selection methods can alleviate this problem when the size of the data set is medium to large. However, even these methods face similar problems with very large-to-massive data sets.&#xd;
&#xd;
In this paper, two new algorithms with linear complexity for instance selection purposes are presented. Both algorithms use locality-sensitive hashing   to find similarities between instances. While the complexity of conventional methods (usually quadratic, O(n2), or log-linear, O(nlogn)) means that they are unable to process large-sized data sets, the new proposal shows competitive results in terms of accuracy. Even more remarkably, it shortens execution time, as the proposal manages to reduce complexity and make it linear with respect to the data set size. The new proposal has been compared with some of the best known instance selection methods for testing and has also been evaluated on large data sets (up to a million instances).</subfield>
</datafield>
<datafield tag="024" ind2=" " ind1="8">
<subfield code="a">0950-7051</subfield>
</datafield>
<datafield tag="024" ind2=" " ind1="8">
<subfield code="a">http://hdl.handle.net/10259/4221</subfield>
</datafield>
<datafield tag="024" ind2=" " ind1="8">
<subfield code="a">10.1016/j.knosys.2016.05.056</subfield>
</datafield>
<datafield ind1=" " ind2=" " tag="653">
<subfield code="a">Nearest neighbor</subfield>
</datafield>
<datafield ind1=" " ind2=" " tag="653">
<subfield code="a">Data reduction</subfield>
</datafield>
<datafield ind1=" " ind2=" " tag="653">
<subfield code="a">Instance selection</subfield>
</datafield>
<datafield ind1=" " ind2=" " tag="653">
<subfield code="a">Hashing</subfield>
</datafield>
<datafield ind1=" " ind2=" " tag="653">
<subfield code="a">Big data</subfield>
</datafield>
<datafield tag="245" ind1="0" ind2="0">
<subfield code="a">Instance selection of linear complexity for big data</subfield>
</datafield>
</record></metadata></record></GetRecord></OAI-PMH>